000 00344nam a2200133Ia 4500
008 220217s9999||||xx |||||||||||||| ||und||
082 _a621.381 5 CHA
100 _aChandrashekaraiah, P.M
245 0 _aElectronic circuits
250 _a1st
260 _aRajeswari publication
_bDavanagere
_c1999
300 _b175
650 _aCIRCUITRY
999 _c165819
_d165819